| 000 | 00605nam a2200181Ia 4500 | ||
|---|---|---|---|
| 008 | 151018s9999 xx 000 0 und d | ||
| 082 |
_bRBASDV62864 _a891.464 |
||
| 100 | _aय खु देशपांडे | ||
| 245 | _aयशोधन | ||
| 250 | _b1 | ||
| 260 |
_bमहाराष्ट्र राज्य साहित्य संस्कुती मंडळ मुंबई _c1988 |
||
| 300 | _a428 | ||
| 600 | _aय खु देशपांडे | ||
| 630 | _aयशोधन | ||
| 700 | _aय खु देशपांडे | ||
| 730 | _aयशोधन | ||
| 942 | _cBOOK | ||
| 999 |
_c1055209 _d1055206 |
||